| 000 -LEADER |
| fixed length control field |
01654cam a2200385 a 4500 |
| 001 - CONTROL NUMBER |
| control field |
15047295 |
| 003 - CONTROL NUMBER IDENTIFIER |
| control field |
NUST |
| 005 - DATE AND TIME OF LATEST TRANSACTION |
| control field |
20220411113617.0 |
| 008 - FIXED-LENGTH DATA ELEMENTS--GENERAL INFORMATION |
| fixed length control field |
071017s2008 nyub 000 1 eng |
| 010 ## - LIBRARY OF CONGRESS CONTROL NUMBER |
| LC control number |
2007043052 |
| 020 ## - INTERNATIONAL STANDARD BOOK NUMBER |
| International Standard Book Number |
9780385524285 |
| 020 ## - INTERNATIONAL STANDARD BOOK NUMBER |
| International Standard Book Number |
0385524285 |
| 035 ## - SYSTEM CONTROL NUMBER |
| System control number |
(OCoLC)ocn175289970 |
| 035 ## - SYSTEM CONTROL NUMBER |
| System control number |
(OCoLC)175289970 |
| 038 ## - RECORD CONTENT LICENSOR |
| Staff Name |
waseem |
| 040 ## - CATALOGING SOURCE |
| Original cataloging agency |
DLC |
| Transcribing agency |
DLC |
| Modifying agency |
IG# |
| -- |
BTCTA |
| -- |
BAKER |
| -- |
YDXCP |
| -- |
UPZ |
| -- |
JAO |
| -- |
VP@ |
| -- |
BWX |
| -- |
ILC |
| -- |
LF3 |
| -- |
IXA |
| -- |
DLC |
| 050 00 - LIBRARY OF CONGRESS CALL NUMBER |
| Classification number |
PR6056.A89 |
| Item number |
D48 2008 |
| 082 00 - DEWEY DECIMAL CLASSIFICATION NUMBER |
| Classification number |
823.914 |
| Author Mark |
FAU |
| 100 1# - MAIN ENTRY--PERSONAL NAME |
| Personal name |
Faulks, Sebastian. |
| 9 (RLIN) |
90880 |
| 245 10 - TITLE STATEMENT |
| Title |
Devil may care / |
| Statement of responsibility, etc. |
Sebastian Faulks, writing as Ian Fleming. |
| 250 ## - EDITION STATEMENT |
| Edition statement |
1st ed. in the United States of America. |
| 260 ## - PUBLICATION, DISTRIBUTION, ETC. |
| Place of publication, distribution, etc. |
New York : |
| Name of publisher, distributor, etc. |
Doubleday, |
| Date of publication, distribution, etc. |
c2008. |
| 300 ## - PHYSICAL DESCRIPTION |
| Extent |
278 p. : |
| Other physical details |
map ; |
| Dimensions |
25 cm. |
| 520 ## - SUMMARY, ETC. |
| Summary, etc. |
Set in the Cold War, and follows the action of Bond across two contintents and exotic locations after he is assigned to shadow a mysterious, power-crazed pharmaceutical magnate with an interest in opiate deriviates. |
| 563 ## - BINDING INFORMATION |
| Binding note |
HBK. |
| 600 10 - SUBJECT ADDED ENTRY--PERSONAL NAME |
| Personal name |
Bond, James |
| Titles and other words associated with a name |
(Fictitious character) |
| Form subdivision |
Fiction. |
| 9 (RLIN) |
90881 |
| 655 #7 - INDEX TERM--GENRE/FORM |
| Genre/form data or focus term |
Spy stories. |
| Source of term |
gsafd |
| 9 (RLIN) |
8087 |
| 700 1# - ADDED ENTRY--PERSONAL NAME |
| Personal name |
Fleming, Ian, |
| Dates associated with a name |
1908-1964. |
| 9 (RLIN) |
90882 |
| 856 42 - ELECTRONIC LOCATION AND ACCESS |
| Materials specified |
Contributor biographical information |
| Uniform Resource Identifier |
<a href="http://www.loc.gov/catdir/enhancements/fy0835/2007043052-b.html">http://www.loc.gov/catdir/enhancements/fy0835/2007043052-b.html</a> |
| 856 42 - ELECTRONIC LOCATION AND ACCESS |
| Materials specified |
Publisher description |
| Uniform Resource Identifier |
<a href="http://www.loc.gov/catdir/enhancements/fy0835/2007043052-d.html">http://www.loc.gov/catdir/enhancements/fy0835/2007043052-d.html</a> |
| 856 41 - ELECTRONIC LOCATION AND ACCESS |
| Materials specified |
Sample text |
| Uniform Resource Identifier |
<a href="http://www.loc.gov/catdir/enhancements/fy0835/2007043052-s.html">http://www.loc.gov/catdir/enhancements/fy0835/2007043052-s.html</a> |
| 906 ## - LOCAL DATA ELEMENT F, LDF (RLIN) |
| a |
7 |
| b |
cbc |
| c |
orignew |
| d |
1 |
| e |
ecip |
| f |
20 |
| g |
y-gencatlg |
| 942 ## - ADDED ENTRY ELEMENTS (KOHA) |
| Source of classification or shelving scheme |
|
| Koha item type |
Book |